Encyclopedia of world history: (Record no. 60553)

MARC details
000 -LEADER
fixed length control field 00712nam a22002057a 4500
005 - DATE AND TIME OF LATEST TRANSACTION
control field 20120109161523.0
020 ## - INTERNATIONAL STANDARD BOOK NUMBER
International Standard Book Number 1405417021
020 ## - INTERNATIONAL STANDARD BOOK NUMBER
International Standard Book Number 9781405417020
082 ## - DEWEY DECIMAL CLASSIFICATION NUMBER
Classification number 909
100 ## - MAIN ENTRY--PERSONAL NAME
Personal name Ganeri, Anita
245 ## - TITLE STATEMENT
Title Encyclopedia of world history:
Remainder of title from the stone age to the 21st century /
Statement of responsibility, etc by Anita Ganeri, Hazel Mary Martell, Brian Williams
260 ## - PUBLICATION, DISTRIBUTION, ETC. (IMPRINT)
Place of publication, distribution, etc Bath, BAI, UK
Name of publisher, distributor, etc Parragon,
Date of publication, distribution, etc 2006.
300 ## - PHYSICAL DESCRIPTION
Extent 256p. :
Other physical details ill, photos (Col.)
Dimensions 28cm (Hb)
500 ## - GENERAL NOTE
General note Includes index
650 ## - SUBJECT ADDED ENTRY--TOPICAL TERM
Topical term or geographic name as entry element History
Geographic subdivision World
700 ## - ADDED ENTRY--PERSONAL NAME
Personal name Martel, Hazel Mary
9 (RLIN) 38720
700 ## - ADDED ENTRY--PERSONAL NAME
Personal name Williams, Brian
9 (RLIN) 38721
942 ## - ADDED ENTRY ELEMENTS (KOHA)
Source of classification or shelving scheme Dewey Decimal Classification
Item type Children Books
Classification part 909
Call number suffix GAN
Holdings
Withdrawn status Lost status Not for loan Home library Current library Date acquired Full call number Koha item type
    Ordered Andrews Gunj Andrews Gunj 09/01/2012 909 GAN Children Books

© Delhi Public Library
Hit Counter
free hit counter